The highest fellowship: (Record no. 6121)

000 -LEADER
fixed length control field 00612nam a2200181 a 4500
001 - CONTROL NUMBER
control field :::00003864$&:&@@
003 - CONTROL NUMBER IDENTIFIER
control field OkBaRHE
005 - DATE AND TIME OF LATEST TRANSACTION
control field 20000607103313.0
008 - FIXED-LENGTH DATA ELEMENTS--GENERAL INFORMATION
fixed length control field s1936 j 000 0 eng u
040 ## - CATALOGING SOURCE
Transcribing agency
100 1# - MAIN ENTRY--PERSONAL NAME
Personal name Ghysels, James M.
245 14 - TITLE STATEMENT
Title The highest fellowship:
Remainder of title exposition of the first epistle of St. John.
260 ## - PUBLICATION, DISTRIBUTION, ETC. (IMPRINT)
Place of publication, distribution, etc Grand Rapids, MI., :
Name of publisher, distributor, etc Zondervan Publishing House
Date of publication, distribution, etc c1936
300 ## - PHYSICAL DESCRIPTION
Extent 261 p. ;
Dimensions 20 cm.
650 ## - SUBJECT ADDED ENTRY--TOPICAL TERM
Topical term or geographic name as entry element Bible New Testament 1 John
General subdivision Meditations
942 ## - ADDED ENTRY ELEMENTS (KOHA)
Source of classification or shelving scheme
Koha item type Books
Copies
Not for loan Withdrawn status Full call number Source of classification or shelving scheme Date acquired Permanent Location Barcode Shelving location Koha item type Copy number Price effective from Date last seen Lost status Damaged status
  BS 2805 .G49 2010-04-14RHEMA Bible Training College3864General StacksBooks12010-04-142018-04-03